000 00316nam a22001337a 4500
008 170801b xxu||||| |||| 00| 0 eng d
020 _a0137304323
041 _aeng
080 _a004
100 _a32
101 _aSHKI
245 _aPROGRAMMING LANGUAGES: DESIGN AND IMPLEMENTATION
_cPRATT, T.W
942 _2udc
_cBK
999 _c22411
_d22411